000 00295nam a22001457a 4500
008 230529b ||||| |||| 00| 0 eng d
020 _a9782879290652
041 _aFRA
080 _a82
082 _a82FOR
100 _a38
101 _aGJL
245 _aMA MERE
_cFORD.R
942 _2udc
_cBK
999 _c59856
_d59856